LEADER 02485 am 22004333u 450 001 9910765795303321 005 20230131134208.0 010 $a952-222-786-2 024 7 $a10.21435/sfh.17 035 $a(CKB)4100000000883909 035 $a(OAPEN)638203 035 $a(EXLCZ)994100000000883909 100 $a20171018d|||| uy 101 0 $aeng 135 $auuuuu---auuuu 200 10$aRhetorics of Nordic democracy 210 $aHelsinki, Finland$cFinnish Literature Society / SKS$d2010 215 $a1 online resource (297) 311 $a952-222-228-3 330 $a"Democracy is today a concept that is overwhelmingly positively evaluated almost everywhere. A lot has been written about socio-economic and cultural backgrounds of democratic regimes as well as their institutional settings. By contrast, not much is known about the political manoeuvres and speech acts by which 'democracy' has been tied to particular regions and cultures in concrete historical situations. This book discusses a series of efforts to rhetorically produce a particular Nordic version of democracy. It shows that the rhetorical figure 'Nordic democracy' was a product of the age of totalitarianism and the Cold War. It explores the ways in which 'Nordic democracy' was used, mainly by the social democrats, to provide the welfare politics with cultural and historical legitimacy and foundations. Thus, it also acknowledges the ideological and geopolitical context in which the 'Nordic welfare state' was conceptualised and canonised. The contributors of the book are specialists on Nordic politics and history, who share a particular interest in political rhetoric and conceptual history. " 517 $aStudia Fennica Historica vol. 17 606 $aNorthern Europe, Scandinavia$2bicssc 606 $aSemantics, discourse analysis, etc$2bicssc 606 $aRegional & national history$2bicssc 606 $aCultural studies$2bicssc 606 $aPolitical ideologies$2bicssc 606 $aInternational relations$2bicssc 615 7$aNorthern Europe, Scandinavia 615 7$aSemantics, discourse analysis, etc 615 7$aRegional & national history 615 7$aCultural studies 615 7$aPolitical ideologies 615 7$aInternational relations 701 $aKurunma?ki$b Jussi$01451715 701 $aStrang$b Johan$01451716 906 $aBOOK 912 $a9910765795303321 996 $aRhetorics of Nordic democracy$93652421 997 $aUNINA LEADER 03959nam 22007935 450 001 9910878988203321 005 20260323105554.0 010 $a9789819731695$b(electronic bk.) 010 $z9789819731688 024 7 $a10.1007/978-981-97-3169-5 035 $a(MiAaPQ)EBC31575180 035 $a(Au-PeEL)EBL31575180 035 $a(CKB)33566095700041 035 $a(DE-He213)978-981-97-3169-5 035 $a(OCoLC)1450838947 035 $a(EXLCZ)9933566095700041 100 $a20240731d2024 u| 0 101 0 $aeng 135 $aurcnu|||||||| 181 $ctxt$2rdacontent 182 $cc$2rdamedia 183 $acr$2rdacarrier 200 10$aAdvances in Genomics $eMethods and Applications /$fedited by Vijai Singh 205 $a1st ed. 2024. 210 1$aSingapore :$cSpringer Nature Singapore :$cImprint: Springer,$d2024. 215 $a1 online resource (424 pages) 225 0 $aBiomedical and Life Sciences Series 311 08$aPrint version: Singh, Vijai Advances in Genomics Singapore : Springer,c2024 9789819731688 327 $aChapter 1. Introduction to genomics and their applications -- Chapter 2. Methods for generating genomics data -- Chapter 3. Computational tools for genomics data analysis -- Chapter 4. Gene and genome annotation -- Chapter 5. Transcriptomics and their significance -- Chapter 6. DNA barcoding and its applications -- Chapter 7. Next-generation genome sequencing and its use -- Chapter 8. Genome-wise analysis for drug targeting -- Chapter 9. Functional genomics -- Chapter 10. Metagenomics -- Chapter 11. Synthetic genomics.-Chapter 12. Microarray in genomics -- Chapter 13. Nutrigenomics -- Chapter 14. Role of synthetic biology in genomics -- Chapter 15. Role of genome editing in genomics -- Chapter 16. Mitochondrial genomics and their clinical use -- Chapter 17. Chloroplast genomics and their uses in crop improvement -- Chapter 18. Microfluidics in genomics -- Chapter 19. Cell-free systems for genomics -- Chapter 20. Artificial intelligence in genomics. 330 $aThis book provides a comprehensive overview of genomics and its diverse applications. Chapters cover genomics data generation methods, computational tools, gene annotation, transcriptomics, DNA barcoding, next-generation sequencing, functional genomics, metagenomics, synthetic genomics, microarray analysis, nutrigenomics, genome editing, and more. This book offers a valuable source of information for not only beginners in genomics, but also for students, researchers, scientists, clinicians, practitioners, policymakers, and stakeholders who are interested in harnessing the potential of genomics in many areas. 606 $aGenetics 606 $aGenomics 606 $aGenetic transcription 606 $aPharmacovigilance 606 $aSynthetic biology 606 $aBiology$xTechnique 606 $aGenetics and Genomics 606 $aGenomics 606 $aGene Transcription 606 $aDrug Safety and Pharmacovigilance 606 $aSynthetic Biology 606 $aBiological Techniques 606 $aGenòmica$2thub 606 $aBiologia sintètica$2thub 606 $aFarmacovigilància$2thub 608 $aLlibres electrònics$2thub 615 0$aGenetics. 615 0$aGenomics. 615 0$aGenetic transcription. 615 0$aPharmacovigilance. 615 0$aSynthetic biology. 615 0$aBiology$xTechnique. 615 14$aGenetics and Genomics. 615 24$aGenomics. 615 24$aGene Transcription. 615 24$aDrug Safety and Pharmacovigilance. 615 24$aSynthetic Biology. 615 24$aBiological Techniques. 615 7$aGenòmica 615 7$aBiologia sintètica 615 7$aFarmacovigilància 676 $a576.5 700 $aSingh$b Vijai$01224662 801 0$bMiAaPQ 801 1$bMiAaPQ 801 2$bMiAaPQ 912 $a9910878988203321 996 $aAdvances in Genomics$94205150 997 $aUNINA